Property management: a customer focused approach. (Record no. 96583)
[ view plain ]
| 000 -LEADER | |
|---|---|
| fixed length control field | 00758cam a2200265 4500 |
| 008 - FIXED-LENGTH DATA ELEMENTS--GENERAL INFORMATION | |
| fixed length control field | 090401t1997 xxu||||| |||| 00| 0 eng d |
| 020 ## - INTERNATIONAL STANDARD BOOK NUMBER | |
| International Standard Book Number | 0333674707 |
| 035 ## - SYSTEM CONTROL NUMBER | |
| System control number | (Sirsi) u80074 |
| 041 ## - LANGUAGE CODE | |
| Language code of text/sound track or separate title | eng |
| 050 ## - LIBRARY OF CONGRESS CALL NUMBER | |
| Classification number | 333.33 |
| 100 ## - MAIN ENTRY--PERSONAL NAME | |
| Personal name | Edington, Gordon |
| 245 ## - TITLE STATEMENT | |
| Title | Property management: a customer focused approach. |
| 260 ## - PUBLICATION, DISTRIBUTION, ETC. | |
| Place of publication, distribution, etc. | Basingstoke, Hants |
| Name of publisher, distributor, etc. | MacMillan Press |
| Date of publication, distribution, etc. | 1997 |
| 300 ## - PHYSICAL DESCRIPTION | |
| Extent | xvi,202p. ; 24cm. |
| 350 ## - PRICE (NR) (BK AM CF MU VM SE) [OBSOLETE] | |
| Price | 25 |
| 490 ## - SERIES STATEMENT | |
| Series statement | Macmillan Building and Surveying Series |
| 650 ## - SUBJECT ADDED ENTRY--TOPICAL TERM | |
| Topical term or geographic name entry element | BENCHMARKING |
| 650 ## - SUBJECT ADDED ENTRY--TOPICAL TERM | |
| Topical term or geographic name entry element | MANAGEMENT-BUSINESS MANAGEMENT-INFORMATION MANAGEMENT |
| 650 ## - SUBJECT ADDED ENTRY--TOPICAL TERM | |
| Topical term or geographic name entry element | MARKETING |
| 650 ## - SUBJECT ADDED ENTRY--TOPICAL TERM | |
| Topical term or geographic name entry element | PARTNERSHIPS |
| 650 ## - SUBJECT ADDED ENTRY--TOPICAL TERM | |
| Topical term or geographic name entry element | Property management |
| 9 (RLIN) | 6262 |
| 690 ## - LOCAL SUBJECT ADDED ENTRY--TOPICAL TERM (OCLC, RLIN) | |
| Topical term or geographic name as entry element | PROPERTY LAW AND PRACTICE |
| 942 ## - ADDED ENTRY ELEMENTS (KOHA) | |
| Suppress in OPAC | 0 |
| 948 ## - LOCAL PROCESSING INFORMATION (OCLC); SERIES PART DESIGNATOR (RLIN) | |
| c (OCLC) | 05/08/1997 |
| Withdrawn status | Lost status | Damaged status | Not for loan | Home library | Current library | Shelving location | Date acquired | Cost, normal purchase price | Total Checkouts | Full call number | Barcode | Date last seen | Date last checked out | Copy number | Cost, replacement price | Price effective from | Koha item type | Source of classification or shelving scheme |
|---|---|---|---|---|---|---|---|---|---|---|---|---|---|---|---|---|---|---|
| Missing | London | London | Missing | 15/08/1997 | 25.00 | 28 | 333.33 EDI | 30053747 | 06/08/2019 | 03/10/2007 | 1 | 25.00 | 06/08/2019 | Book | ||||
| London | London | Books | 28/11/1997 | 25.00 | 333.33 EDI | 30054538 | 06/08/2019 | 2 | 25.00 | 06/08/2019 | Reference material | Dewey Decimal Classification | ||||||
| London | London | Books | 14/03/2001 | 32.50 | 4 | 333.33 EDI | 30063746 | 06/08/2019 | 08/07/2003 | 3 | 32.50 | 06/08/2019 | Book | Dewey Decimal Classification | ||||
| London | London | Missing | 15/06/2001 | 8 | 333.33 EDI | 30054539 | 06/08/2019 | 04/01/2005 | 4 | 06/08/2019 | Book | Dewey Decimal Classification |